| 000 | 00911cam a2200265 a 4500 | ||
|---|---|---|---|
| 999 |
_c129979 _d129979 |
||
| 001 | 16870959 | ||
| 003 | ARRUPE | ||
| 005 | 20191112111449.0 | ||
| 008 | 110714s2012 enk b 001 0 eng | ||
| 010 | _a 2011030064 | ||
| 020 | _a9780195187489 (alk. paper) | ||
| 040 |
_aDLC _cDLC _dDLC |
||
| 042 | _apcc | ||
| 050 | 0 | 0 |
_aB485 _b.O94 2012 |
| 082 | 0 | 0 |
_a185 _223 |
| 245 | 0 | 4 |
_aThe Oxford handbook of Aristotle / _cedited by Christopher Shields. |
| 260 |
_aOxford ; _aNew York : _bOxford University Press, _cc2012. |
||
| 300 |
_axx, 710 p. ; _c26 cm. |
||
| 504 | _aIncludes bibliographical references (p. [691]-695) and index. | ||
| 600 | 0 | 0 |
_aAristotle. _948531 |
| 700 | 1 |
_aShields, Christopher John. _948532 |
|
| 906 |
_a7 _bcbc _corignew _d1 _eecip _f20 _gy-gencatlg |
||
| 942 |
_2lcc _cMONOGRAPH |
||